| 000 | 01009cam a2200205 4500 | ||
|---|---|---|---|
| 001 | WB3845-05 | ||
| 008 | 021203n2002 000 0 eng u | ||
| 035 | _a(Sirsi) u120654 | ||
| 245 | _aService sector survey | ||
| 260 | _c2002 | ||
| 490 |
_aCBI News Release _v3 December 2002, (3) |
||
| 520 | _aThe latest CBI/Grant Thornton survey of business and professional services firms reveals signs of a pick-up in the service sector, although a continuing lack of confidence and uncertainty in the economy remains. The sector which includes management consultants and consumer services firms, saw an increase in the value and volume of business over the last three months but both remained below normal. www.cbi.org.uk/ndbs/press.nsf/0363c1f07c6ca12a8025671c00381cc7/9d58c329064deb2280256c7700477aa6?OpenDocument | ||
| 590 | _aWB | ||
| 650 | _aCBI | ||
| 650 | _aGRANT THORNTON | ||
| 650 | _aSERVICE SECTOR | ||
| 650 | _aMANAGEMENT CONSULTANTS | ||
| 690 | _aMANAGEMENT-BUSINESS MANAGEMENT | ||
| 942 | _n0 | ||
| 999 |
_c71700 _d71700 |
||